Climate Change, Agriculture and Rural Livelihoods in Developing Countries /

Na minha lista:
Detalhes bibliográficos
Autor principal: Keshav Lall Maharjan, Niraj Prakash Joshi (autor)
Formato: Livro
Idioma:inglês
Publicado em: Tokio, Japón : Springer, 2013, c2013
coleção:(Advances in Asian Human-Environmental Research)
Acesso em linha:Ver documento en línea
Tags: Adicionar Tag
Sem tags, seja o primeiro a adicionar uma tag!

MARC

LEADER 00000nam^a22000000a04500
001 000599761
009 20260512124024.615
020 |a 978-4-431-54343-5 
022 |a 1879-7199 
037 |a Acervo ITESO - Biblioteca 
041 |a ING 
082 |a Libro en línea 
100 |a Keshav Lall Maharjan, Niraj Prakash Joshi  |e (autor) 
245 |a Climate Change, Agriculture and Rural Livelihoods in Developing Countries / 
264 4 |a Tokio, Japón :  |b Springer,  |c 2013, c2013 
264 2 |a Cham, Suiza :  |b Springer Link [distribución],  |c 2025 
300 |a 1 libro electrónico en línea (X, 180 p.) 
300 |a 1 recurso en línea 
336 |a datos para computadora  |b cod  |2 rdacontenido 
337 |a computadora  |b c  |2 rdamedio 
338 |a recurso en línea  |b cr  |2 rdasoporte 
440 |a (Advances in Asian Human-Environmental Research) 
506 0 |a Licencias ilimitadas 
567 |a Catalogación rápida 
649 |a XX 
856 4 0 |u https://link-springer-com.ezproxy.iteso.mx/10.1007/978-4-431-54343-5  |y Ver documento en línea 
910 |a Fondo General 
920 |a Electrónicos - Libros en Línea 
930 |a Plataforma Digital 
905 |a 205 
902 |a https://opac.biblio.iteso.mx/vufind/Record/000599761